[Event "Panchenko Memorial-B 2018"]
[Site "Chelyabinsk"]
[Date "2018.10.10"]
[Round "5"]
[White "Khusenkhojaev, Muhammad"]
[Black "Tologontegin, Semetey"]
[Result "0-1"]
[WhiteElo "2443"]
[BlackElo "2419"]
[Annotator "TA"]
[PlyCount "98"]
[EventDate "2018.10.06"]
[EventCountry "RUS"]
[SourceTitle "playchess.com"]
[Source "ChessBase"]
[SourceQuality "1"]

{[%evp 18,98,25,16,29,0,0,0,0,-19,-22,-24,-25,-33,-35,-75,-37,-60,-22,-75,-60,-68,-86,-102,-71,-106,-51,-98,-52,-70,0,0,28,0,13,0,0,0,0,0,0,0,0,-117,-78,-104,-54,-37,-33,-159,-50,-57,-45,-75,-19,-17,-22,-49,0,0,0,0,17,-16,0,0,0,-375,-339,-339,-345,-29984,-29985,-5169,-636,-29993,-29994,-29994,-29995,-29997,-29998,-29998,-29999]} 1. d4 g6 2. Nf3 Bg7 3. g3 d6 4. Bg2 Nd7 5. O-O e5 6. Nc3 Ngf6 7. e4 O-O 8. h3 b6 {B07: Pirc Defence: Miscellaneous Systems} (8... c6 9. Be3 Qc7 10. a4 a5 11. Qd2 Re8 12. Rad1 exd4 13. Nxd4 Ne5 14. b3 Qe7 15. f4 Ned7 16. Bf2 Nc5 17. Rfe1 Nfd7 18. Kh2 h5 19. Nf3 b6 20. Bd4 Bh6 21. e5 {0-1 (75) Harikrishna,P (2744)-Onischuk,V (2637) Riadh 2017}) 9. Re1 Bb7 10. d5 {LiveBook: 6 Games} a5 {The position is equal.} 11. Be3 $146 ({Predecessor:} 11. Bg5 h6 12. Be3 Nc5 13. Nh2 Kh7 14. a4 Qd7 15. Qe2 Ba6 16. Qd2 {0-1 (55) Halkias,S (2568)-Bosboom,M (2390) Rhodes 2013}) 11... Nc5 12. Nd2 Nfd7 13. Nc4 Ba6 14. Bf1 f5 15. exf5 gxf5 16. f4 Kh8 17. Kh2 Qf6 18. a4 (18. Na3 $11 {keeps the balance.}) 18... Rae8 $17 19. Nd2 Bxf1 20. Rxf1 Qg6 21. Nb5 Na6 (21... exf4 $17 22. Bxf4 Bxb2 23. Nxc7 Re7) 22. c3 Nf6 23. Nf3 $1 Nh5 ({Better is} 23... Qf7 $15 24. c4 exf4 25. Bxf4 Ne4) 24. Rg1 $1 $11 Bf6 25. fxe5 dxe5 26. Nh4 Bxh4 $1 27. gxh4 Qf7 28. Bg5 {And now d6 would win.} Nf6 $1 {[%cal Rf6d5]} 29. d6 {[#] Strongly threatening dxc7.} c6 $1 {[%cal Rc6b5]} 30. Na3 (30. d7 $11 Rd8 31. Bh6 cxb5 32. Qd6 Qxd7 33. Qxb6) 30... Nc5 31. Qf3 Nfe4 32. Be7 $1 {[%cal Re7f8]} Rg8 33. b4 ({White should try} 33. Rae1 $15) 33... Nb7 (33... Nd7 $17 34. bxa5 bxa5) 34. Qd3 $1 $15 Qe6 {[%cal Rb7d6]} 35. Nc4 {[%cal Ba3c4,Bc4e3,Be3d5][%mdl 32]} b5 ({Black should play} 35... axb4 $17 36. cxb4 b5 37. axb5 cxb5) 36. axb5 $11 cxb5 37. Ne3 Nbxd6 38. Bxd6 Nxd6 39. bxa5 f4 40. Nd5 Rg3 $36 {[%mdl 2048] Black has the initiative.} 41. Rxg3 fxg3+ 42. Kxg3 $2 {[%mdl 8192] [#]} (42. Kg1 $1 $11) 42... Nf5+ $1 $19 43. Kh2 e4 44. Qxb5 $2 (44. Qd2 $19 Rd8 45. Qf4 Qxd5 46. a6) 44... Qe5+ 45. Kh1 Rg8 (45... e3 $142 46. Qd3 e2) 46. Qc6 {Hoping for Qf6+.} Ng3+ {Black mates.} 47. Kg2 Nh5+ 48. Kf1 Qh2 {[%csl Gh2][%cal Rg8g1]} 49. Qc5 Ng3+ {Precision: White = 39%, Black = 45%.} 0-1

[Event "Panchenko Memorial-B 2018"]
[Site "Chelyabinsk"]
[Date "2018.10.10"]
[Round "5"]
[White "Frolov, Artiom"]
[Black "Salemgareev, Tagir"]
[Result "1/2-1/2"]
[WhiteElo "2383"]
[BlackElo "2381"]
[Annotator "TA"]
[PlyCount "78"]
[EventDate "2018.10.06"]
[EventCountry "RUS"]
[SourceTitle "playchess.com"]
[Source "ChessBase"]
[SourceQuality "1"]

{[%evp 15,78,0,0,-27,-12,-23,-15,-18,-19,-22,-18,-17,-27,-20,0,0,10,-28,0,0,0,0,0,0,0,0,24,30,26,16,21,28,24,10,17,0,44,6,37,25,57,39,33,29,39,0,0,0,0,0,0,0,0,0,0,0,0,0,0,0,0,0,0,0,0]} 1. Nf3 c5 2. c4 Nc6 3. d4 cxd4 4. Nxd4 Nf6 5. Nc3 e6 6. a3 Be7 7. e4 O-O {A33: Symmetrical English: 2 Nf3 Nf6 3 d4 cxd4 4 Nxd4 e6 5 Nc3 Nc6} 8. Nc2 (8. Nf3 Qa5 9. Bd2 Qh5 10. Be2 d5 11. exd5 exd5 12. cxd5 Nxd5 13. Nd4 Qe5 14. Nxc6 bxc6 15. O-O {½-½ (47) So,W (2780)-Vachier Lagrave,M (2779) Saint Louis 2018}) 8... b6 {LiveBook: 15 Games} 9. f4 Bb7 {Black has an edge.} 10. Bd3 Rc8 11. Qe2 Na5 {[%cal Bc6a5,Ba5b3,Bb3c1][%mdl 32]} 12. e5 Ne8 {White should prevent ...Bh4+.} 13. O-O Nb3 14. Rb1 $1 ({But not} 14. Qh5 $2 g6 $19) 14... Nxc1 $146 ({Predecessor:} 14... Nc5 15. b3 {½-½ (77) Romm,M (2467)-Knoll,H (2419) ICCF email 2011}) 15. Rbxc1 f5 16. exf6 Bc5+ 17. Ne3 {Black must now prevent fxg7.} Qxf6 18. b4 Bxe3+ 19. Qxe3 Nd6 20. Ne4 Qg6 {[%cal Rb7e4]} 21. Ng3 Nf5 22. Qf2 Qf6 23. Nxf5 exf5 24. Rfe1 Rfe8 25. h3 g6 26. Kh2 Kg7 27. c5 Rxe1 28. Rxe1 bxc5 29. bxc5 Bc6 30. Qe3 Rb8 {The position is equal.} 31. Rb1 Rxb1 32. Bxb1 Bxg2 33. Kxg2 Qb2+ 34. Kg3 Qxb1 35. Qe7+ Kh6 36. Kh4 {[%cal Re7f8] [#]} Qb2 {[%cal Rb2f2]} 37. Qg5+ Kg7 {And now ...Qf2+ would win.} 38. Qe7+ Kh6 {[%cal Rb2f2]} 39. Qg5+ Kg7 {Precision: White = 66%, Black = 66%.} 1/2-1/2

[Event "Panchenko Memorial-B 2018"]
[Site "Chelyabinsk"]
[Date "2018.10.10"]
[Round "5"]
[White "Radzhabov, Rodion"]
[Black "Mokin, Nikolai"]
[Result "1/2-1/2"]
[WhiteElo "2297"]
[BlackElo "2253"]
[Annotator "TA"]
[PlyCount "127"]
[EventDate "2018.10.06"]
[EventCountry "RUS"]
[SourceTitle "playchess.com"]
[Source "ChessBase"]
[SourceQuality "1"]

{[%evp 15,127,12,28,14,56,14,17,1,29,8,6,6,32,22,60,0,18,27,20,11,1,11,15,-104,-103,-134,-72,-171,-166,-280,-306,-330,-326,-351,-327,-345,-343,-331,-331,-331,-335,-337,-332,-338,-355,-352,-320,-319,-324,-396,-396,-388,-391,-383,-357,-291,0,0,0,-121,-110,-171,-176,-166,-156,-233,-227,-303,-433,-485,-459,-410,-335,-5522,-2119,-1804,-1667,-1329,-1413,-1415,-1300,-1097,-133,-192,0,-1251,-1289,-1000,-455,-432,-431,-398,-308,-283,-275,-163,-95,-81,-8,-8,-8,-8,0,-8,-8,-8,-8,-8,-8,-8,-8,-8,-8,-8]} 1. Nf3 Nf6 2. g3 g6 3. Bg2 Bg7 4. O-O O-O 5. c4 d6 6. d4 {[%cal Bd2d4,Bd4d5][%mdl 32]} Nc6 7. d5 Na5 8. Na3 c5 $1 9. Re1 {E60: King's Indian: Unusual lines and Fianchetto Variation without Nc3} e5 (9... a6 10. e4 e5 11. Rb1 b6 12. Nd2 Bh6 13. b3 Bd7 14. Bb2 b5 15. Rf1 Nh5 16. Qe2 b4 {1-0 (34) Markos,J (2572)-Mazur,S (2446) Austria 2016}) 10. dxe6 Bxe6 11. Bf4 Ne8 12. Qc2 Qb6 13. Rab1 a6 $146 ({Predecessor:} 13... Bf5 14. e4 Bg4 15. b4 cxb4 16. Be3 Qd8 17. Rxb4 {0-1 (30) Lueders,G (2215)-Sharavdorj,D (2375) Berlin 1997}) 14. e4 h6 15. h4 (15. Qd2 $14) 15... Rd8 16. Qc1 Kh7 17. b3 Nc6 18. Nc2 Nf6 19. Ne3 (19. Bd2 $11) 19... Nb4 $1 $17 20. e5 Ne4 (20... Nh5 $142 21. Rd1 Nxa2) 21. exd6 (21. Bf1 $17 {was necessary.}) 21... Nxf2 $1 $19 {[%cal Be4f2,Bf2d3,Bd3f4][%mdl 32]} (21... Nxa2 22. Qc2 $14) (21... Nxd6 22. Ne5 $17) 22. a3 (22. Qd2 $142 Ne4 23. Qe2) 22... Nfd3 23. Qd2 Nxf4 (23... Nxe1 24. Rxe1 Nc6 25. Qd3 $17) 24. axb4 Rxd6 25. bxc5 Qxc5 ({Not} 25... Rxd2 26. cxb6 Nxg2 27. Nxg2 $17) 26. b4 Qc7 ({Don't take} 26... Rxd2 27. bxc5 Nxg2 28. Nxg2 $19) 27. Qc2 Nxg2 28. Kxg2 Rc6 29. Rbc1 {[#]} Bxc4 $1 {[%mdl 512]} 30. Nxc4 b5 31. Re4 Rc8 ({Less strong is} 31... Rxc4 32. Rxc4 bxc4 33. Qxc4 $17) 32. Qe2 Rxc4 33. Rcxc4 bxc4 34. Re7 Qc6 35. Rxf7 Rc7 $2 ({Black should play} 35... Re8 $19 36. Qd2 c3) 36. Rxc7 $11 Qxc7 37. h5 (37. Qe4 $11 {was the only way to keep the balance.}) 37... Qc6 $17 38. hxg6+ (38. Qc2 $17 {might work better.}) 38... Kxg6 $19 39. Kh2 Bf6 40. Qc2+ (40. Ne1 $17) 40... Kg7 41. Nd2 c3 42. Ne4 Be5 43. Kh3 h5 44. Kh4 $2 (44. Kg2) 44... Qg6 (44... Qe6 $142 45. Nf2 Qf6+ 46. Kxh5 Bxg3) 45. Kh3 Qg4+ 46. Kg2 h4 47. Qd3 Bxg3 $1 48. Kf1 Qh3+ $2 (48... Qf5+ $19 {has better winning chances.} 49. Ke2 Be5) 49. Ke2 $17 Qg4+ $2 (49... Qe6 $19 50. Qxc3+ Be5) 50. Ke3 $2 {[%mdl 8192]} (50. Kf1 $11) 50... Be5 $19 51. Qd5 Qh3+ (51... Qf5 $142 {aiming for ...Bf4+.} 52. Qb7+ Kg8 53. Qa8+ Kh7 54. Qb7+ Bg7) 52. Ke2 Qf5 {Hoping for ...Qh5+.} 53. Qb7+ Kg6 54. Qxa6+ Kh5 55. Qd3 {Threatens to win with Ng3+!} Qg4+ ({Black should try} 55... Qe6 $19 {White must now prevent ...h3.} 56. Qe3 Qg4+ 57. Kd3 Qd1+ 58. Kc4 Qd4+ $1 {[%mdl 512]} 59. Qxd4 Bxd4) 56. Kf1 $17 {[#]} h3 (56... Qc8 $1 $17 {And now ...c2 would win.} 57. Qe2+ Kg6 58. Nxc3 Qxc3 59. Qg4+ Kf7 60. Qxh4 Qd3+ 61. Kg2 Qd5+ 62. Kf1 Ke8) 57. Nf2 $11 {The position is equal.} Qg2+ 58. Ke2 Kh4 59. Qh7+ Kg3 {[#]} 60. Qxh3+ $1 {[%mdl 512]} Qxh3 61. Nxh3 Kxh3 (61... c2 $5 62. Kd2 $8 Kxh3 $11) 62. b5 Kg3 63. b6 Kf4 {( -> ...Ke4)} 64. Kd3 {Precision: White = 42%, Black = 44%.} 1/2-1/2

[Event "Panchenko Memorial-B 2018"]
[Site "Chelyabinsk"]
[Date "2018.10.11"]
[Round "6"]
[White "Salemgareev, Tagir"]
[Black "Sitnikov, Anton"]
[Result "0-1"]
[WhiteElo "2381"]
[BlackElo "2446"]
[Annotator "TA"]
[PlyCount "70"]
[EventDate "2018.10.06"]
[EventCountry "RUS"]
[SourceTitle "playchess.com"]
[Source "ChessBase"]
[SourceQuality "1"]

{[%evp 15,70,50,67,37,52,46,54,24,19,8,21,22,49,23,15,14,9,0,0,0,0,0,46,-83,-76,-67,0,0,0,0,0,0,0,0,0,0,0,0,0,-92,-78,-242,-237,-245,-251,-243,-237,-237,-237,-934,-890,-888,-882,-872,-727,-783,-695]} 1. d4 e6 2. c4 b6 3. e4 Bb7 4. Bd3 Nc6 5. Ne2 Nb4 6. Nbc3 {A40: Verschiedene (seltene) Antworten auf 1.d4} Nxd3+ 7. Qxd3 Ne7 8. O-O d6 {LiveBook: 28 Partien} 9. Bd2 $146 ({Vorgänger:} 9. Be3 Qd7 10. d5 Ng6 11. f4 Be7 12. Bd4 e5 13. fxe5 dxe5 {0-1 (49) Matlakov,M (2728)-Andreikin,D (2706) Tbilisi 2017}) 9... Qd7 10. b4 g6 11. Bg5 Bg7 12. Qd2 h6 13. Be3 Rd8 14. Rac1 d5 15. cxd5 exd5 16. f3 dxe4 17. fxe4 f5 $1 18. d5 fxe4 {[%cal Rb7d5]} 19. Nf4 (19. Bd4 $14 Nxd5 20. Nxe4) 19... O-O $17 20. Ne6 Qxe6 ({Günstiger ist} 20... Rxf1+ $15 21. Rxf1 Nxd5 22. Nxg7 Nxc3 23. Qxc3 Qxg7 24. Qxg7+ Kxg7) 21. dxe6 $11 Rxd2 22. Rxf8+ Kxf8 23. Bxd2 Bd4+ 24. Kh1 e3 25. Be1 $1 Nf5 26. Nb5 c5 27. Kg1 (27. bxc5 $11 Bxc5 28. Rd1) 27... Ke7 $17 28. g4 $2 {[#]} (28. a4 $17) 28... Nd6 $19 29. Nxd4 cxd4 {[%mdl 4096] Endspiel KTL-KLS} 30. Rd1 Nb5 ({Schwächer ist} 30... Kxe6 31. Rxd4 Bd5 32. Rd3 $16) 31. a4 {[#]} Bf3 $1 {[%cal Rf3d1]} 32. Bh4+ $2 (32. Rd3 Be2 33. Rxe3 dxe3 34. axb5) 32... g5 {Schwarz steht klar auf Gewinn.} 33. Rf1 gxh4 34. Rxf3 Nc3 35. Kf1 d3 {Precision: Weiß = 41%, Schwarz = 77%.} 0-1

[Event "Panchenko Memorial-B 2018"]
[Site "Chelyabinsk"]
[Date "2018.10.11"]
[Round "6"]
[White "Tosic, Miroslav"]
[Black "Frolov, Artiom"]
[Result "1/2-1/2"]
[WhiteElo "2364"]
[BlackElo "2383"]
[Annotator "TA"]
[PlyCount "25"]
[EventDate "2018.10.06"]
[EventCountry "RUS"]
[SourceTitle "playchess.com"]
[Source "ChessBase"]
[SourceQuality "1"]

{[%evp 13,14,37,36]} 1. d4 Nf6 2. c4 g6 3. Nf3 Bg7 4. g3 O-O 5. Bg2 d6 6. Nc3 Nbd7 7. O-O e5 {Predecessor:} 8. Qc2 $146 c6 9. b4 Re8 10. Rb1 Nb6 11. c5 Nbd5 12. Nd2 a5 13. a3 {½-½ (13) Li,C (2724)-Alekseenko,K (2625) Qinhuangdao 2018} 1/2-1/2

[Event "Panchenko Memorial-B 2018"]
[Site "Chelyabinsk"]
[Date "2018.10.11"]
[Round "6"]
[White "Gnusarev, Pavel"]
[Black "Tologontegin, Semetey"]
[Result "1/2-1/2"]
[WhiteElo "2320"]
[BlackElo "2419"]
[Annotator "TA"]
[PlyCount "39"]
[EventDate "2018.10.06"]
[EventCountry "RUS"]
[SourceTitle "playchess.com"]
[Source "ChessBase"]
[SourceQuality "1"]

{[%evp 9,39,37,60,56,77,71,91,55,73,70,65,65,70,65,74,60,81,74,68,65,79,37,54,28,78,16,22,14,39,19,56,64]} 1. d4 g6 2. e4 Bg7 3. Nc3 c6 4. Nf3 d6 5. Bg5 h6 (5... Qc7 6. Qd2 b5 7. O-O-O Nd7 8. h4 h5 9. e5 dxe5 10. dxe5 Nxe5 11. Nxe5 Bxe5 12. Bd3 Bd7 13. Rhe1 Rd8 14. Qe3 f6 15. Bxg6+ Kf8 16. f4 Bd6 17. Kb1 Bg4 18. f5 Bxd1 19. Qe6 {1-0 (19) Shirov,A (2726)-Warakomski,T (2488) Warsaw 2008}) 6. Be3 {B06: Modern Defence} b5 7. Bd3 a6 $146 ({Predecessor:} 7... Nf6 8. h3 Nbd7 9. e5 Nd5 10. Nxd5 cxd5 11. exd6 exd6 12. Qd2 Qb6 13. O-O {1-0 (29) Szabo,G (2465)-Butunoi,A (2400) Predeal 2006}) 8. h3 {White is better.} Nd7 9. a4 {[%cal Ra4b5]} b4 10. Ne2 c5 11. c3 bxc3 12. bxc3 Qc7 13. O-O Ngf6 14. Ng3 O-O 15. Qe2 Bb7 16. Rfb1 Rfb8 17. Bd2 ({White should try} 17. Qd2 $16) 17... e6 $11 18. a5 Ne8 19. Be3 Qd8 20. Qd2 {Precision: White = 46%, Black = 47%.} 1/2-1/2

[Event "Panchenko Memorial-B 2018"]
[Site "Chelyabinsk"]
[Date "2018.10.11"]
[Round "6"]
[White "Mokin, Nikolai"]
[Black "Khusenkhojaev, Muhammad"]
[Result "0-1"]
[WhiteElo "2253"]
[BlackElo "2443"]
[Annotator "TA"]
[PlyCount "118"]
[EventDate "2018.10.06"]
[EventCountry "RUS"]
[SourceTitle "playchess.com"]
[Source "ChessBase"]
[SourceQuality "1"]

{[%evp 21,118,15,16,24,13,15,29,0,0,0,11,0,0,0,26,22,24,13,18,31,26,16,24,29,23,33,45,-15,-6,0,-6,-33,-6,-12,-21,-18,0,0,0,0,0,0,0,0,0,0,0,0,0,0,0,0,0,0,0,0,0,0,0,0,0,0,0,0,0,0,0,0,0,0,0,0,0,0,0,0,0,0,0,0,0,0,0,0,0,0,80,-47,-47,-54,-58,-65,-66,-82,-83,-68,-35,-150,-142]} 1. d4 d5 2. Nf3 Nf6 3. c4 dxc4 4. e3 e6 5. Bxc4 c5 6. O-O a6 7. b3 b5 8. Be2 Bb7 9. a4 b4 10. Bb2 Nbd7 11. Nbd2 Be7 12. Rc1 {D27: Queen's Gambit Accepted: Classical main line: 7 e4!? and 7 a4} O-O {[%cal Bh8f8,Bf8f7,Bf7d7,Bd7d5][%mdl 32]} (12... Rc8 13. Nc4 O-O 14. Nfe5 cxd4 15. Qxd4 Nc5 16. Qxd8 Rfxd8 17. Na5 Bd5 18. Nec4 Nfd7 19. Nd2 Bf6 {½-½ (32) Rodshtein,M (2678)-Adhiban,B (2671) Linares 2018}) 13. dxc5 Nxc5 14. Ne5 {White has an edge.} (14. Bxf6 $5 gxf6 15. Nd4 $14) 14... Rc8 15. Bd4 Nd5 ({Much worse is} 15... Qd5 16. Bf3 $16) 16. Bf3 $146 ({Predecessor:} 16. Nd3 Nc3 17. Bxc3 Nxd3 18. Bxd3 Qxd3 19. Bb2 Rxc1 20. Bxc1 {0-1 (45) Suess,H (1839)-Weiss,M (1895) Mittelfranken 2007}) 16... f6 17. Nec4 Rf7 18. Qc2 Bf8 19. Ne4 Nxe4 20. Bxe4 g6 21. Rfd1 Rd7 22. Qb1 Bg7 23. Bf3 f5 24. Bxd5 (24. Bxg7 $14 Kxg7 25. Qa1+ Qf6 26. e4 Qxa1 27. Rxa1 fxe4 28. Bxe4) 24... Rxd5 25. Bxg7 Kxg7 26. f3 Qg5 27. Qb2+ (27. Kf1 {looks sharper.} a5 28. Qa1+ Qf6 29. Nxa5 Qxa1 30. Rxa1 Ba6+ 31. Nc4) 27... Qf6 28. Qe2 Rcd8 29. Nb6 Rxd1+ 30. Rxd1 Kh6 31. a5 Rxd1+ 32. Qxd1 Qc3 33. Kf2 Qb2+ 34. Kg1 Qc3 35. Kf2 Qb2+ 36. Kg1 Qe5 37. Qe1 g5 38. Qxb4 Qxe3+ 39. Kf1 Qd3+ 40. Kf2 Qc2+ 41. Kf1 Qd3+ 42. Kf2 Qc2+ 43. Kf1 Qb1+ 44. Kf2 {[#] Black must now prevent Qf8+.} Qb2+ 45. Kf1 Bc6 46. Qf8+ Qg7 47. Qd6 Bb5+ 48. Nc4 Qf6 49. Kf2 f4 50. Ne5 Qf5 {[#] ( -> ...Qc2+)} 51. h4 gxh4 52. Ng4+ Kg7 53. Qe7+ Qf7 (53... Kg6 $11 {keeps the balance.} 54. Qc7 h5 55. Ne5+ Kf6) 54. Qxh4 ({White should try} 54. Qg5+ $16 Kf8 55. Qd8+ Kg7 56. Qd4+ Kf8 57. Nh6) 54... Qa7+ $15 55. Ke1 {White wants to mate with Qf6+.} Qg1+ 56. Kd2 {Intending Qf6+ and mate.} Qd4+ $1 57. Kc2 {With the idea Qe7+.} Bd3+ 58. Kd2 {And now Qe7+ would win.} Bc4+ $1 59. Ke1 (59. Kc1 $15 Qc3+ 60. Kb1 Qxb3+ 61. Kc1 Qc3+ 62. Kd1) 59... Qa1+ {Precision: White = 58%, Black = 72%.} ({Of course not} 59... Bxb3 60. Qe7+ Kg6 61. Qe8+ Kg7 62. Qe7+ Kg6 63. Qe8+ Kg7 64. Qe7+ $11) 0-1

[Event "Panchenko Memorial-B 2018"]
[Site "Chelyabinsk"]
[Date "2018.10.11"]
[Round "6"]
[White "Smorchkov, Danil"]
[Black "Radzhabov, Rodion"]
[Result "1/2-1/2"]
[WhiteElo "2208"]
[BlackElo "2297"]
[Annotator "TA"]
[PlyCount "103"]
[EventDate "2018.10.06"]
[EventCountry "RUS"]
[SourceTitle "playchess.com"]
[Source "ChessBase"]
[SourceQuality "1"]

{[%evp 14,103,20,0,0,-25,-5,-20,-17,-18,-18,-15,-19,-39,-44,-37,-20,-21,-11,-30,-23,-30,-32,-36,-10,-23,-20,-33,-19,-43,-46,-53,-43,-53,-56,-63,-10,-14,-6,-18,-9,-12,0,0,0,0,0,0,0,-5,-6,-6,-6,-8,0,0,0,-12,-8,-8,-11,-12,-6,-19,-5,-37,-10,-30,0,-6,-6,-6,-6,-7,-8,-21,-14,-23,0,0,0,0,11,0,0,2,7,0,17,0,22,0]} 1. d4 Nf6 2. c4 e6 3. Nc3 Bb4 4. Qc2 d5 5. cxd5 Qxd5 6. Nf3 Qf5 7. Qxf5 exf5 8. Bd2 c6 {E34: Nimzo-Indian: Classical: 4...d5} (8... Be6 9. e3 c6 10. Ng5 Nbd7 11. Nxe6 fxe6 12. Be2 Ke7 13. a3 Bd6 14. O-O Rhd8 15. Rfd1 a6 16. Be1 {½-½ (25) Lenic,L (2653)-Hracek,Z (2646) Bol 2014}) 9. e3 O-O 10. Bc4 Nbd7 11. a3 $146 ({Predecessor:} 11. O-O Re8 12. a3 Bd6 13. Bb3 Nb6 14. Na4 Nxa4 15. Bxa4 Be6 16. Rfc1 {0-1 (51) Thorsteinsson,T (2299)-Astaneh Lopez,A (2446) Budapest 2018}) 11... Bd6 12. O-O Nb6 13. Bd3 Re8 14. Rfc1 Ne4 15. Be1 a5 16. a4 Bd7 17. Nd2 Nxd2 18. Bxd2 Bb4 19. b3 Be6 20. Rab1 Rad8 21. Rc2 {[#]} f4 $1 {[%mdl 512]} 22. Na2 (22. exf4 Rxd4) 22... Bxd2 23. Rxd2 fxe3 24. fxe3 f5 (24... Nd5 $15 25. e4 Nb6) 25. Nc3 $11 g6 26. g3 Re7 27. Kf2 Kg7 28. b4 axb4 29. Rxb4 Nc8 30. a5 Nd6 31. Rdb2 Ra8 32. Ra4 Bf7 33. Rb6 Nc8 34. Rb2 Nd6 35. Rb6 Rae8 36. Nd1 $1 Bd5 37. a6 bxa6 38. Raxa6 Nf7 39. Ra4 Ng5 40. h4 Nf7 (40... Nh3+ {is more complex.} 41. Kf1 f4 42. gxf4 Nxf4 43. Bc4 Bf3) 41. Bc4 Nh6 {And now ...Ng4+ would win.} 42. Bxd5 cxd5 43. Kf3 Ng4 {[%cal Rg4e3]} 44. Ra3 Rc8 45. Rb2 Rec7 46. Nf2 {The position is equal.} Nf6 47. Nd3 Rc2 48. Raa2 Rxb2 49. Rxb2 Rc7 50. Nf4 {[#] Threatens to win with Ne6+.} Rd7 51. Rb6 Kf7 52. Rc6 {Precision: White = 57%, Black = 46%.} 1/2-1/2

[Event "Panchenko Memorial-B 2018"]
[Site "Chelyabinsk"]
[Date "2018.10.12"]
[Round "7"]
[White "Sitnikov, Anton"]
[Black "Tosic, Miroslav"]
[Result "1/2-1/2"]
[WhiteElo "2446"]
[BlackElo "2364"]
[Annotator "TA"]
[PlyCount "90"]
[EventDate "2018.10.06"]
[EventCountry "RUS"]
[SourceTitle "playchess.com"]
[Source "ChessBase"]
[SourceQuality "1"]

{[%evp 27,90,-7,-1,-11,-4,-6,0,0,0,0,0,0,1,0,0,-13,-12,-12,0,0,0,0,0,0,0,0,6,0,0,2,16,9,10,16,21,0,0,0,0,0,0,0,0,0,0,0,0,-89,-89,-77,0,0,0,0,0,0,0,0,0,0,0,0,0,0,0]} 1. e4 c5 2. Nf3 d6 3. d4 cxd4 4. Nxd4 Nf6 5. f3 Nc6 6. c4 e6 7. Nc3 Be7 8. Be3 O-O 9. Be2 d5 10. exd5 {B55: Sicilian: 2...d6 3 d4 cxd4 4 Nxd4 Nf6 5 f3} (10. Nxc6 bxc6 11. O-O dxe4 12. fxe4 e5 13. Qe1 Be6 14. Kh1 Kh8 15. Qg3 Qc7 16. Rac1 Qa5 17. Bg5 Rad8 {½-½ (37) Xiong,J (2667)-Bok,B (2608) Wijk aan Zee 2017}) 10... exd5 11. Nxc6 bxc6 12. O-O Be6 13. cxd5 Nxd5 14. Nxd5 Bxd5 {LiveBook: 3 Games} 15. Qc2 Re8 16. Bd3 {[#]} h6 $146 ({Predecessor:} 16... g6 17. Bc5 Bf6 {1-0 (39) Orlov,V (2435)-Aseev,K (2530) St Petersburg 1995}) 17. Bf2 Bd6 18. Rae1 Qc7 19. h3 Bh2+ 20. Kh1 Bg3 21. Be4 (21. b3 {is more complex.} Bxf2 22. Qxf2 Rad8 23. Rxe8+ Rxe8 24. Rd1) 21... Bxf2 22. Rxf2 Bxe4 23. Rxe4 Rxe4 24. Qxe4 $11 {[%mdl 4096] Endgame KQR-KQR} Rd8 {[#] ( -> ...Rd1+)} 25. f4 Qb6 26. Rc2 Rd6 {...Re6 is the strong threat.} 27. Qe8+ Kh7 {Hoping for ...Re6.} 28. Kh2 ({Don't go for} 28. Qxf7 $2 Rd1+ 29. Kh2 Qg1+ 30. Kg3 Rd3+ 31. Kh4 Qe1+ 32. Kg4 Qg3+ 33. Kf5 Rd5+ 34. Qxd5 cxd5 $19) 28... Rf6 29. Qe5 Re6 30. Qf5+ Kg8 31. b3 Qd4 32. Rc4 Qf2 {[#] Threatens to win with ...Rg6.} 33. Rc2 Qe3 34. Qg4 Qd3 35. Rc4 Qd2 36. f5 Rf6 37. Rd4 (37. Ra4 $11) 37... Qxa2 $17 38. Rd3 Qa5 (38... Qb2 $17 39. Qf4 Qc2) 39. Rg3 $11 {[%csl Gg3][%cal Rg4g7] The position is equal.} g6 40. fxg6 Rxg6 41. Qc8+ Kg7 {White must now prevent ...Qe5.} 42. Rxg6+ fxg6 43. Qd7+ Kf8 44. Qd6+ Kf7 45. Qd7+ Kf8 {Precision: White = 67%, Black = 60%.} 1/2-1/2

[Event "Panchenko Memorial-B 2018"]
[Site "Chelyabinsk"]
[Date "2018.10.12"]
[Round "7"]
[White "Khusenkhojaev, Muhammad"]
[Black "Smorchkov, Danil"]
[Result "1-0"]
[WhiteElo "2443"]
[BlackElo "2208"]
[Annotator "TA"]
[PlyCount "111"]
[EventDate "2018.10.06"]
[EventCountry "RUS"]
[SourceTitle "playchess.com"]
[Source "ChessBase"]
[SourceQuality "1"]

{[%evp 24,111,42,6,39,43,45,23,14,11,25,25,19,36,8,15,89,81,76,69,52,70,84,91,83,91,96,59,50,50,71,64,72,58,76,66,76,76,108,70,95,89,100,91,99,95,114,114,123,123,123,97,101,81,83,79,84,83,79,80,93,85,84,0,95,85,85,74,85,71,97,66,85,85,91,85,85,86,88,64,244,244,237,237,1003,967,1237,1250,1187,1093]} 1. d4 Nf6 2. Nf3 e6 3. c4 d5 4. g3 dxc4 5. Bg2 a6 6. O-O Nc6 7. e3 Bd7 8. Qe2 b5 9. b3 {E04: Katalanisch} cxb3 10. axb3 Be7 11. Bb2 O-O 12. Rc1 Nd5 (12... Ra7 13. Nc3 Qb8 14. Ne5 Nxe5 15. dxe5 Nd5 16. Bxd5 exd5 17. Nxd5 {1-0 (26) Ragger,M (2700)-Ruck,R (2566) Germany 2017}) 13. Nbd2 {[%cal Bb1d2,Bd2e4,Be4c5][%mdl 1056] LiveBook: 4 Partien. Weiss hat Kompensation.} Qc8 14. Ne4 Rd8 15. Nc5 Be8 16. Ne1 $146 a5 17. Ned3 a4 18. bxa4 bxa4 19. Qd1 Na5 (19... e5 $11 {hält das Gleichgewicht.}) 20. Nxa4 $16 Rb8 {Droht ...Sb3.} 21. Nb6 Rxb6 22. Rxa5 Qb8 23. Ba3 Bxa3 24. Rxa3 Bb5 25. h3 Bxd3 26. Qxd3 Rb2 27. Raa1 g6 28. Rab1 (28. Qa6 {with more complications.} Rb6 29. Qa4 Nb4 30. Qa7 c6 31. Be4) 28... Rxb1 29. Rxb1 Qa7 30. Qc4 Rd7 31. g4 h6 32. Qc6 Nb6 33. Qc5 Kg7 34. Rc1 Kg8 35. Bc6 Rd8 36. Qe7 Qb8 37. Be4 Rd7 38. Qb4 Qd8 39. Bc6 Rd6 40. Qc5 Nd7 41. Qa5 Nb6 42. Bg2 Rd7 43. Bc6 Rd6 44. Bf3 Rd7 45. Kg2 Kg7 46. Qc5 Kg8 47. Ra1 Qe7 48. Bc6 Rd6 49. Ra7 Kg7 50. Rb7 Nd7 51. Qc3 $36 {[%mdl 2048] Weiss hat Initiative.} ({Bitte nicht} 51. Rxc7 $6 Nxc5 52. Rxe7 Rxc6 $11) 51... e5 $2 {[#]} (51... Nb6 $14) 52. Rxc7 $18 exd4 53. exd4 {[%cal Be3d4,Bd4d5][%mdl 32]} Qd8 $2 (53... Qe6 54. Rxd7 Rxc6 55. d5+ Rxc3 56. dxe6 Rc6 57. Rxf7+ Kg8) 54. Bxd7 {Weiß steht klar auf Gewinn.} Rxd7 55. d5+ $1 Kh7 56. Rc8 {Precision: Weiß = 55%, Schwarz = 50%.} 1-0